000 01086cam a2200313 a 4500
999 _c331541
_d331541
001 16245131
003 NUST
005 20171004110309.0
008 100521s2010 pk b 001 0beng
010 _a 2010343218
020 _a9780195477047
025 _aP-E-2010343218; 31
040 _aDLC
_cDLC
_dDLC
041 1 _aeng
_hurd
042 _alcode
050 0 0 _aDS385.J55
_bH3513 2010
082 _a957.9042092
_bHAI
100 1 _aḤaidar, K̲h̲vājah Raz̤ī,
_d1946-
_95183
240 1 0 _aRattī Jinnāḥ.
_lEnglish
245 1 0 _aRuttie Jinnah /
_cKhwaja Razi Haider ; foreword by Syed Jaffar Ahmed.
260 _aKarachi :
_bOxford University press,
_c2010.
300 _axxii, 168 p. ;
_c22 cm.
500 _aTranslated from Urdu.
504 _aIncludes bibliographical references (p. [160]-164) and index.
600 1 0 _aJinnāḥ, Rattī,
_d-1929.
_95184
600 1 0 _aJinnah, Mahomed Ali,
_d1876-1948.
_94251
650 0 _aStatesmen's spouses
_zPakistan
_vBiography.
_95185
906 _a7
_bcbc
_corigode
_d3
_encip
_f20
_gy-gencatlg
942 _2ddc
_cBK